Vista normal
Vista MARC
Entrada Personal Name
Número de registros utilizados en: 1
001 - CONTROL NUMBER
- control field: 41904
003 - CONTROL NUMBER IDENTIFIER
- control field: OSt
005 - DATE AND TIME OF LATEST TRANSACTION
- control field: 20220118093512.0
008 - FIXED-LENGTH DATA ELEMENTS
- fixed length control field: 220118|| aca||aabn | a|a d
040 ## - CATALOGING SOURCE
- Original cataloging agency: OSt
- Transcribing agency: OSt
100 ## - HEADING--PERSONAL NAME
- Personal name: Turkina, Ekaterina
670 ## - SOURCE DATA FOUND
- Source citation: Work cat.: (OSt)12346: Thanh Thai, Mai Thi, autor 27975, Entrepreneurship in the informal economy : , 2013.